LEADER 01033nam a2200253 u 4500 001 000000054104 003 CaOOAMICUS 005 20070226115633.0 008 001128s1933 it u000 u ita u 035 $a10862692 040 $aPUL(R)$bita 100 1 $aAbbagnano, Nicola,$d1901-1990.$0(OLS)http://pul/name/5565 245 10$aBibliografia degli scritti di Nicola Abbagnano :$b1922-1992 /$ca cura di Bruno Maiorca. 260 $aBari :$bLaterza,$c1933. 300 $a295 p. ;$c22 cm 500 $aInclude indici. 600 14$aAbbagnano, Nicola,$d1901-1990.$0(OLS)http://pul/subject/4933 700 1 $aMaiorca, Bruno.$0(OLS)http://pul/name/8127 850 $aPUL 852 $aPUL$W1$xDP1 Fondo Giannini$y60$m1555 G 11$j71306$nBK-PRI$b $qFondi$B71306$CPULBib$Z2$F71306 $H $81 941 1 $a1 961 $aINV: Fondo Giannini 996 $6245$aBibliografia degli scritti di Nicola Abbagnano :$b1922-1992$9(OLS)http://pul/title/72579 996 $6260$aBari :$bLaterza$9(OLS)http://pul/publisher/47895 LEADER 01384nam a2200325 a 4500 001 000000152455 003 CaOOAMICUS 005 20160621135610.0 008 160621s2016 it u000 u ita r 020 $a978-88-10-41218-3* 032 $aLibriCat 040 $aPUL$bita 082 04$a230 245 00$aErmeneutica dei testi sacri :$bdialogo tra confessioni cristiane e altre religioni /$ca cura di Salvatore Mele. 260 $aBologna :$bEDB,$cİ2016. 300 $a336 p. ;$c24 cm. 490 1 $aNuovi saggi teologici. Series maior 504 $aBibliografia in nota. 650 4$aErmeneutica$ySec. XX$xStudi.$0(OLS)http://pul/subject/25981 700 1 $aMele, Salvatore.$0(OLS)http://pul/name/82254 830 0$aNuovi saggi teologici.$pSeries maior.$0(OLS)http://pul/title/135271 850 $aPUL 852 $aPUL$W1$xSL Religione 3$y85$m230 COLL 5.2.13$j175452$qDDC 21$B177872$CPULBib$Z2$F177872 $H127902 $81 941 1 $a9 983 0$aCollana Nuovi saggi teologici.$pSeries maior. 996 $6020$a978-88-10-41218-3*$9(OLS)http://pul/number/160536 996 $6082$a230$9(OLS)http://pul/classification/368 996 $6245$aErmeneutica dei testi sacri :$bdialogo tra confessioni cristiane e altre religioni$9(OLS)http://pul/title/191864 996 $6260$aBologna :$bEDB$9(OLS)http://pul/publisher/56073